Gendering Orientalism : (Record no. 203)
[ view plain ]
| 000 -LEADER | |
|---|---|
| fixed length control field | 00712cam a2200241 a 4500 |
| 001 - CONTROL NUMBER | |
| control field | 4451287 |
| 005 - DATE AND TIME OF LATEST TRANSACTION | |
| control field | 20240129010800.0 |
| 008 - FIXED-LENGTH DATA ELEMENTS--GENERAL INFORMATION | |
| fixed length control field | 950406s1996 nyua b 001 0 eng |
| 020 ## - INTERNATIONAL STANDARD BOOK NUMBER | |
| ISBN | 0415124891 (hbk.) |
| 020 ## - INTERNATIONAL STANDARD BOOK NUMBER | |
| ISBN | 0415124905 (pbk.) |
| 040 ## - CATALOGING SOURCE (பட்டியலாக்க மூலம்) | |
| Original cataloging agency | DLC |
| Transcribing agency | DLC |
| Modifying agency | DLC |
| 082 00 - DDC Classification | |
| Class No. | 700 |
| DDC Edition Number | 20 |
| Item Number - Author Mark | REI. |
| 100 1# - MAIN ENTRY--PERSONAL NAME | |
| Personal name | Lewis, Reina, |
| 245 10 - TITLE STATEMENT | |
| Title | Gendering Orientalism : |
| Remainder of title | race, femininity, and representation / |
| Statement of responsibility, etc. | Reina Lewis. |
| 260 ## - PUBLICATION, DISTRIBUTION, ETC. | |
| Place of publication, distribution, etc. | New York : |
| Name of publisher, distributor, etc. | Routledge, |
| Date of publication, distribution, etc. | 1996. |
| 300 ## - PHYSICAL DESCRIPTION | |
| Extent (e.g. Volumes, Pages etc.) | xiv, 267 p. : |
| 650 #0 - SUBJECT ADDED ENTRY--TOPICAL TERM | |
| Topical term or geographic name entry element | Orientalism in art. |
| 650 #0 - SUBJECT ADDED ENTRY--TOPICAL TERM | |
| Topical term or geographic name entry element | Women artists |
| 650 #0 - SUBJECT ADDED ENTRY--TOPICAL TERM | |
| Topical term or geographic name entry element | Feminism and the arts |
| 650 #0 - SUBJECT ADDED ENTRY--TOPICAL TERM | |
| Topical term or geographic name entry element | Arts, European |
| 856 42 - ELECTRONIC LOCATION AND ACCESS | |
| Uniform Resource Identifier | <a href="http://www.loc.gov/catdir/enhancements/fy0649/95016143-d.html">http://www.loc.gov/catdir/enhancements/fy0649/95016143-d.html</a> |
| 942 ## - Koha item type (Biblio) | |
| Koha item type | Books in Stacks (Lending) |
| Lost status | Damaged status | Collection code | Home library | Current library | Date acquired | Full call number | Accession Number | Item type |
|---|---|---|---|---|---|---|---|---|
| Lending | WERC Library | WERC Library | 01/29/2024 | 700 REI. | 5181 | Books in Stacks (Lending) |
